[Event "Euro Championship 2008 "]
[Site "SchemingMind.com"]
[Date "2008.01.08"]
[Round "-"]
[White "chesshub"]
[Black "Ilang"]
[Result "1/2-1/2"]
[WhiteCountry "FRA"]
[BlackCountry "HUN"]
[WhiteElo "2333"]
[WhiteRD "75"]
[BlackElo "2311"]
[BlackRD "81"]
[GameID "136574"]

1. e4 e5 2. Nf3 Nc6 3. Bb5 a6 4. Ba4 Nf6 5. O-O Be7 6. Re1 b5 7. Bb3 d6 8. c3 O-O 9. h3 Na5 10. Bc2 c5
11. d4 Qc7 12. Nbd2 cxd4 13. cxd4 Nc6 14. Nb3 a5 15. a4 bxa4 16. Rxa4 Nb4 17. Bb1 Bd7 18. Ra1 a4 19. Nbd2 Rfc8 20. Nf1 g6
21. Bd2 Nc6 22. Bc3 a3 23. Ne3 axb2 24. Rxa8 Rxa8 25. Qd2 exd4 26. Nxd4 Ne5= 27. Bxb2 Rb8 28. Ba1=
1/2-1/2

[Event "Euro Championship 2008 "]
[Site "SchemingMind.com"]
[Date "2008.01.12"]
[Round "-"]
[White "king3012"]
[Black "Chess_Man01"]
[Result "1-0"]
[WhiteCountry "AUT"]
[BlackCountry "GBR"]
[WhiteElo "2463"]
[WhiteRD "104"]
[BlackElo "2284"]
[BlackRD "60"]
[GameID "136575"]

1. b3 e5 2. c4 Nf6 3. Bb2 Bc5 4. e3 d6 5. Nc3 O-O 6. Bd3 Nc6 7. a3 Ng4 8. h3 Nh6 9. Nge2 f5 10. b4 Bb6
11. Qb3 Be6 12. Nd5 Qe8 13. O-O Qf7= 14. f4 e4 15. Bb1 Kh8 16. Ba2 Qg6 17. Nec3 Nf7 18. Rac1 Nb8= 19. Na4 Na6 20. d4 exd3
21. Qxd3 Rfe8= 22. Rf3 Nh6 23. c5 dxc5 24. bxc5 c6 25. Kh2 Bxd5 26. Bxd5 Rad8 27. cxb6 Rxd5 28. Qb1
1-0

[Event "Euro Championship 2008 "]
[Site "SchemingMind.com"]
[Date "2008.01.09"]
[Round "-"]
[White "Alessandro Dotti Contra"]
[Black "Goran"]
[Result "0-1"]
[WhiteCountry "ITA"]
[BlackCountry "ITA"]
[WhiteElo "1336"]
[WhiteRD "82"]
[BlackElo "2503"]
[BlackRD "69"]
[GameID "136576"]

1. e4 e5 2. Nf3 Nc6 3. Bc4 Bc5 4. O-O Nf6 5. Nc3 O-O 6. d3 d6 7. Bg5 h6 8. Bh4 Bg4 9. Re1 g5 10. Bg3 Nd4
11. Kf1 c6 12. a3 a5 13. a4 Qb6 14. Rb1 Nh5 15. Ne2 Bxf3 16. gxf3 Nxf3 17. b3 Qd8 18. Ng1 Nxg3+ 19. hxg3 Nxe1 20. Qxe1 Kg7
21. c3 f5 22. b4 axb4 23. cxb4 Ba7 24. b5 fxe4 25. dxe4 Rxf2+ 26. Qxf2 Bxf2 27. Kxf2 Rxa4 28. Bd3 Qb6+ 29. Kf3 Ra3 30. Ke2 Ra2+
31. Kf1 Qf2#
0-1

[Event "Euro Championship 2008 "]
[Site "SchemingMind.com"]
[Date "2008.01.12"]
[Round "-"]
[White "alardavid"]
[Black "Han Solo"]
[Result "0-1"]
[WhiteCountry "NCA"]
[BlackCountry "HUN"]
[WhiteElo "1815"]
[WhiteRD "130"]
[BlackElo "1840"]
[BlackRD "76"]
[GameID "136577"]

1. e4 c5 2. Nf3 Nc6 3. d4 cxd4 4. Nxd4 Nf6 5. Nc3 e5 6. Nf5 d5 7. Nxd5 Nxe4 8. Nfe3 Be6 9. Bc4 Bc5 10. O-O O-O
11. Qf3 Nf6 12. Nxf6+ Qxf6 13. Qxf6 gxf6 14. Bxe6 fxe6 15. c3 Rad8 16. Rd1 f5 17. Bd2 Rd3 18. Be1 Rfd8 19. Rxd3 Rxd3 20. Rd1 Rxd1
21. Nxd1 e4 22. Bd2 Ne5 23. Kf1 Kg7 24. Ke2 Kf6 25. Be3 Bxe3 26. Nxe3 Nd3 27. Nd1 Nf4+ 28. Kf1 b5 29. Ne3 Nd3 30. Nd1 e5
31. Ke2 Nf4+ 32. Kf1 a5 33. Ne3 Nd3 34. Nd1 Kg5 35. Ke2 Nc1+ 36. Ke1 Nxa2 37. Kd2 f4 38. Kc2 b4 39. c4 a4 40. b3 a3
41. c5 Kf6 42. g3 Ke6
0-1

[Event "Euro Championship 2008 "]
[Site "SchemingMind.com"]
[Date "2008.01.07"]
[Round "-"]
[White "Bestof2"]
[Black "MichaelDV"]
[Result "0-1"]
[WhiteCountry "CAN"]
[BlackCountry "SWE"]
[WhiteElo "1483"]
[WhiteRD "133"]
[BlackElo "2308"]
[BlackRD "67"]
[GameID "136578"]

1. e4 c5 2. Nf3 Nc6 3. d4 cxd4 4. Nxd4 Nf6 5. Nc3 d6 6. Be2 e5 7. Nf3 h6 8. h3 Be7 9. Be3 O-O 10. Qd2 Be6
11. O-O-O Qa5 12. a3 Rac8 13. g4 Rfd8 14. g5 hxg5 15. Nxg5 d5 16. Nxe6 fxe6 17. exd5 exd5 18. Bg5 Nd4 19. Bxf6 Bxf6 20. Rdg1 Rxc3
21. bxc3 Qxa3+ 22. Kd1 Qa1+ 23. Qc1 Qxc1+
0-1

[Event "Euro Championship 2008 "]
[Site "SchemingMind.com"]
[Date "2008.01.08"]
[Round "-"]
[White "Ilang"]
[Black "chesshub"]
[Result "1/2-1/2"]
[WhiteCountry "HUN"]
[BlackCountry "FRA"]
[WhiteElo "2293"]
[WhiteRD "82"]
[BlackElo "2341"]
[BlackRD "73"]
[GameID "136582"]

1. e4 e5 2. Nf3 Nc6 3. Bb5 a6 4. Ba4 Nf6 5. O-O Be7 6. Re1 b5 7. Bb3 d6 8. c3 O-O 9. h3 Nb8 10. d4 Nbd7
11. Nbd2 Bb7 12. Bc2 Re8 13. a4 c5 14. b3 cxd4 15. cxd4 exd4 16. axb5 axb5 17. Rxa8 Bxa8 18. Nxd4 Qb6 19. Bb2 Bf8 20. Bd3 b4
21. Bb5 d5 22. exd5 Rxe1+ 23. Qxe1 Bxd5 24. Nc4 Qb8 25. Ne3 Be4 26. Qe2=
1/2-1/2

[Event "Euro Championship 2008 "]
[Site "SchemingMind.com"]
[Date "2008.01.12"]
[Round "-"]
[White "Chess_Man01"]
[Black "king3012"]
[Result "1/2-1/2"]
[WhiteCountry "GBR"]
[BlackCountry "AUT"]
[WhiteElo "2263"]
[WhiteRD "56"]
[BlackElo "2438"]
[BlackRD "105"]
[GameID "136583"]

1. e4 c6 2. d4 d5 3. e5 Bf5 4. Be3 Qb6 5. Qc1 Nh6 6. Nf3 Nd7 7. Be2 Bg4 8. a4 a5 9. O-O Nf5 10. Nbd2 e6
11. h3 Nxe3 12. fxe3 Bh5 13. Rb1= Bg6 14. Bd3 Be7 15. Bxg6 hxg6 16. c4 O-O=
1/2-1/2

[Event "Euro Championship 2008 "]
[Site "SchemingMind.com"]
[Date "2008.01.08"]
[Round "-"]
[White "Goran"]
[Black "Alessandro Dotti Contra"]
[Result "1-0"]
[WhiteCountry "ITA"]
[BlackCountry "ITA"]
[WhiteElo "2503"]
[WhiteRD "69"]
[BlackElo "1336"]
[BlackRD "82"]
[GameID "136584"]

1. d4 d5 2. c4 e6 3. Nc3 Nf6 4. Nf3 Nc6 5. Bg5 Be7 6. e3 O-O 7. Rc1 Nb4 8. a3 Nc6 9. Bd3 Bd7 10. Bxf6 Bxf6
11. cxd5 exd5 12. Nxd5 Re8 13. O-O g6 14. Nxf6+ Qxf6 15. b4 a6 16. Rc5 b6 17. Rc3 b5 18. Qc2 h6 19. Be4 Re6 20. Rc1 Rxe4
21. Qxe4 Re8 22. Rxc6 Bxc6 23. Qxc6 Qxc6 24. Rxc6 Ra8 25. g3 Kg7 26. Rxc7 h5 27. Ne5 Rf8 28. Ra7 Kh6 29. Nxf7+ Kg7 30. Ne5+ Kf6
31. Rxa6+ Kg7 32. Rxg6+ Kh7 33. Rb6
1-0

[Event "Euro Championship 2008 "]
[Site "SchemingMind.com"]
[Date "2008.01.11"]
[Round "-"]
[White "Han Solo"]
[Black "alardavid"]
[Result "1-0"]
[WhiteCountry "HUN"]
[BlackCountry "NCA"]
[WhiteElo "1774"]
[WhiteRD "79"]
[BlackElo "1873"]
[BlackRD "158"]
[GameID "136585"]

1. e4 e6 2. d4 d5 3. Nd2 Nf6 4. e5 Nfd7 5. f4 c5 6. c3 Nc6 7. Ndf3 cxd4 8. cxd4 Qb6 9. g3 f6 10. Bh3 Bb4+
11. Kf1 Nd8 12. Ne2 O-O 13. Kg2 Nf7 14. a3 Be7 15. Bd2 fxe5 16. fxe5 a6 17. Nc3 Nb8 18. Na4 Qa7 19. Ba5 Nc6 20. Bb6 Qb8
21. Rc1 Bd7 22. Bc5 Bxc5 23. Nxc5 Qc8 24. Qb3 Rb8 25. Qd3 Nfd8 26. Ng5 g6 27. Rhf1 Re8 28. Rf6 Ra8 29. Rxg6+ Kh8 30. Rg8+
1-0

[Event "Euro Championship 2008 "]
[Site "SchemingMind.com"]
[Date "2008.01.10"]
[Round "-"]
[White "spoke"]
[Black "agoodhobby"]
[Result "0-1"]
[WhiteCountry "GER"]
[BlackCountry "USA"]
[WhiteElo "1816"]
[WhiteRD "60"]
[BlackElo "1605"]
[BlackRD "60"]
[GameID "136706"]

1. e4 e5 2. Nf3 Nc6 3. Bc4 Bc5 4. c3 Nf6 5. d4 exd4 6. cxd4 Bb4+ 7. Bd2 Bxd2+ 8. Nbxd2 d5 9. exd5 Nxd5 10. Qb3 Nce7
11. O-O O-O 12. Rfe1 c6 13. a4 h6 14. Re5 Rb8 15. Rae1 Re8 16. Bxd5 cxd5 17. Qe3 Be6 18. Nh4 Nc6 19. Rh5 a6 20. Nf5 Bxf5
21. Qxe8+ Qxe8 22. Rxe8+ Rxe8 23. f3 Nxd4 24. Rh4 Nc6 25. Kf2 b5 26. axb5 axb5 27. Nb3 Ra8 28. Nd4 Nxd4 29. Rxd4 Ra2 30. Rxd5 Rxb2+
31. Ke3 Be6 32. Rd2 Rxd2 33. Kxd2 b4
0-1

[Event "Euro Championship 2008 "]
[Site "SchemingMind.com"]
[Date "2008.01.12"]
[Round "-"]
[White "Mekk"]
[Black "ScottChess"]
[Result "1-0"]
[WhiteCountry "POL"]
[BlackCountry "USA"]
[WhiteElo "1960"]
[WhiteRD "72"]
[BlackElo "1405"]
[BlackRD "89"]
[GameID "136707"]

1. e4 Nf6 2. e5 Nd5 3. d4 d6 4. Bc4 Nb6 5. Bb3 dxe5 6. Qh5 e6 7. dxe5 Bb4+ 8. Bd2 Bxd2+ 9. Nxd2 Qd4 10. c3 Qd3
11. O-O-O Qg6 12. Qxg6 hxg6 13. f4 Bd7 14. Ngf3 Nc6 15. Ne4 Ne7 16. Nd4 Nbd5 17. g3 b6 18. h4
1-0

[Event "Euro Championship 2008 "]
[Site "SchemingMind.com"]
[Date "2008.01.08"]
[Round "-"]
[White "Konan_Kaddosh"]
[Black "lacus66"]
[Result "1-0"]
[WhiteCountry "ITA"]
[BlackCountry "HUN"]
[WhiteElo "2467"]
[WhiteRD "58"]
[BlackElo "1722"]
[BlackRD "76"]
[GameID "136708"]

1. e4 e6 2. d4 d5 3. Nc3 Bb4 4. e5 c5 5. a3 Bxc3+ 6. bxc3 Ne7 7. Qg4 Nbc6 8. Qxg7 Rg8 9. Qxh7 cxd4 10. Nf3 Qa5
11. Rb1 Bd7 12. Rxb7 Qxc3+ 13. Kd1 Qa1 14. h4 Bc8 15. Rb2 Rf8 16. h5 Bd7 17. h6
1-0

[Event "Euro Championship 2008 "]
[Site "SchemingMind.com"]
[Date "2008.01.10"]
[Round "-"]
[White "nino"]
[Black "nevereverwin"]
[Result "0-1"]
[WhiteCountry "WLS"]
[BlackCountry "ENG"]
[WhiteElo "1113"]
[WhiteRD "68"]
[BlackElo "1213"]
[BlackRD "92"]
[GameID "136709"]

1. d4 d5 2. e3 Nc6 3. Nf3 Bg4 4. Nc3 Nf6 5. b3 e5 6. h3 Bxf3 7. Qxf3 Bd6 8. Bb5 O-O 9. e4 dxe4 10. Nxe4 Nxd4
11. Qd3 Nxb5 12. Nxf6+ Qxf6 13. Be3 Rfe8 14. Qxb5 Qe6 15. O-O e4 16. Rad1 Qe5 17. Qxe5 Bxe5 18. c4 a5 19. Rfe1 Rad8 20. Rxd8 Rxd8
21. a3 b6 22. b4 c5 23. bxc5 bxc5 24. Bxc5 Bc3 25. Rxe4 h6 26. g3 Bb2 27. h4 Bxa3 28. Bxa3 Rd1+ 29. Kg2 Ra1 30. Re3 Ra2
31. c5 Rc2 32. Re8+ Kh7 33. Ra8 Ra2 34. Rxa5 g5 35. h5 f5 36. c6 Rc2 37. Ra6 f4 38. Bd6 Rc3 39. c7 f3+ 40. Kf1 Rc1#
0-1

[Event "Euro Championship 2008 "]
[Site "SchemingMind.com"]
[Date "2008.01.08"]
[Round "-"]
[White "tiggeronvrb"]
[Black "kojotXV"]
[Result "1-0"]
[WhiteCountry "SCO"]
[BlackCountry "POL"]
[WhiteElo "1780"]
[WhiteRD "63"]
[BlackElo "1275"]
[BlackRD "121"]
[GameID "136711"]

1. Nf3 e6 2. d4 h6 3. e4 d6 4. c4 a6 5. Nc3 Ne7 6. Bd3 Nd7 7. O-O b6 8. Bf4 g6 9. Qc2 Bb7 10. Rfe1 Bg7
11. e5 d5 12. Rac1 Qc8 13. Nd2 Qd8 14. cxd5 exd5 15. e6 fxe6 16. Rxe6 Bxd4 17. Bxg6+ Kf8 18. Bh5 Bc5 19. Rce1 d4 20. Nce4 d3
21. Qxd3 Nf5 22. Nxc5 Nxc5 23. Qxf5+ Kg8 24. Qg6+ Kf8 25. Qf7#
1-0

[Event "Euro Championship 2008 "]
[Site "SchemingMind.com"]
[Date "2008.01.08"]
[Round "-"]
[White "The_Doctor1"]
[Black "Gordon"]
[Result "0-1"]
[WhiteCountry "RUS"]
[BlackCountry "ENG"]
[WhiteElo "1480"]
[WhiteRD "227"]
[BlackElo "2359"]
[BlackRD "77"]
[GameID "136712"]

1. e4 c5 2. Nc3 Nc6 3. Nf3 d6 4. Bb5 Bd7 5. d3 Nd4 6. Bxd7+ Qxd7 7. Be3 e5 8. h3 Ne7 9. Kd2 Nec6 10. Bxd4 Nxd4
11. Nxd4 cxd4 12. Nd5 Be7 13. Qg4 Qxg4 14. hxg4 Kd7 15. Raf1 Rac8 16. f4 h6 17. fxe5 Bg5+ 18. Kd1 dxe5 19. Rxf7+ Kc6 20. Nb4+ Kb6
21. Nd5+ Kc6 22. Nb4+ Kb6 23. Rxg7 Rhf8 24. Rg6+ Kb5 25. a3 a5 26. Na2 Rf2 27. b3 Rcxc2 28. Nc1 Rxc1#
0-1

[Event "Euro Championship 2008 "]
[Site "SchemingMind.com"]
[Date "2008.01.08"]
[Round "-"]
[White "agoodhobby"]
[Black "spoke"]
[Result "0-1"]
[WhiteCountry "USA"]
[BlackCountry "GER"]
[WhiteElo "1605"]
[WhiteRD "60"]
[BlackElo "1816"]
[BlackRD "60"]
[GameID "136717"]

1. d4 d5 2. c4 e6 3. Nc3 Nf6 4. Nf3 Be7 5. Bg5 h6 6. Bh4 O-O 7. e3 b6 8. Rc1 Bb7 9. Bxf6 Bxf6 10. cxd5 exd5
11. Bd3 Nd7 12. O-O c5 13. Nb5 Qe7 14. Re1 a6 15. Nc3 c4 16. Bf5 b5 17. b3 Rad8 18. bxc4 dxc4 19. e4 Nb6 20. e5 Bg5
21. Nxg5 Qxg5 22. Bc2 Qxg2#
0-1

[Event "Euro Championship 2008 "]
[Site "SchemingMind.com"]
[Date "2008.01.09"]
[Round "-"]
[White "ScottChess"]
[Black "Mekk"]
[Result "0-1"]
[WhiteCountry "USA"]
[BlackCountry "POL"]
[WhiteElo "1405"]
[WhiteRD "89"]
[BlackElo "1960"]
[BlackRD "72"]
[GameID "136718"]

1. b4 e5 2. a3 d5 3. Bb2 Bd6 4. Nf3 Qe7 5. e3 Nf6 6. c4 c6 7. Be2 O-O 8. Nc3 dxc4 9. Bxc4 Be6 10. Qb3 Bxc4
11. Qxc4 Nbd7 12. O-O Nb6 13. Qh4 Rad8 14. Rfd1 Bb8 15. Ne4 Nbd5
0-1

[Event "Euro Championship 2008 "]
[Site "SchemingMind.com"]
[Date "2008.01.08"]
[Round "-"]
[White "lacus66"]
[Black "Konan_Kaddosh"]
[Result "0-1"]
[WhiteCountry "HUN"]
[BlackCountry "ITA"]
[WhiteElo "1722"]
[WhiteRD "76"]
[BlackElo "2467"]
[BlackRD "58"]
[GameID "136719"]

1. d4 Nf6 2. c4 e6 3. Nc3 c5 4. d5 exd5 5. cxd5 d6 6. e4 g6 7. f4 Bg7 8. Bb5+ Nbd7 9. e5 dxe5 10. fxe5 Nh5
11. e6 Qh4+ 12. Kd2 fxe6 13. dxe6 Bxc3+ 14. bxc3 O-O 15. Nf3 Qg4 16. Re1 a6 17. Bxd7 Qxg2+ 18. Qe2 Qxf3 19. Qxf3 Rxf3 20. Ba4 b5
21. Bd1 Rf2+ 22. Re2 Rxe2+ 23. Bxe2 Bxe6 24. Bxh5 gxh5 25. Ba3 Rd8+ 26. Ke3 Rd5 27. Rg1+ Kf7 28. Rf1+ Ke7 29. Ke4 Kd6 30. Rf2 Re5+
31. Kd3 Rf5 32. Rd2 Rd5+ 33. Kc2 Rxd2+ 34. Kxd2 Bxa2 35. Kc2 a5
0-1

[Event "Euro Championship 2008 "]
[Site "SchemingMind.com"]
[Date "2008.01.11"]
[Round "-"]
[White "nevereverwin"]
[Black "nino"]
[Result "1-0"]
[WhiteCountry "ENG"]
[BlackCountry "WLS"]
[WhiteElo "1213"]
[WhiteRD "92"]
[BlackElo "1113"]
[BlackRD "68"]
[GameID "136720"]

1. e4 e5 2. Nf3 d6 3. d4 a6 4. Bd3 Nc6 5. Nc3 exd4 6. Nd5 Nge7 7. c3 Nxd5 8. O-O Nf6 9. Nxd4 Nxd4 10. cxd4 Be7
11. b3 O-O 12. Be3 b6 13. e5 dxe5 14. dxe5 Ng4 15. Qf3 Qxd3 16. Qxa8 Nxe3 17. Qf3 Bc5 18. fxe3 Bxe3+ 19. Kh1 Re8 20. Rae1 Rxe5
21. Qxf7+ Kh8 22. Qf8#
1-0

[Event "Euro Championship 2008 "]
[Site "SchemingMind.com"]
[Date "2008.01.08"]
[Round "-"]
[White "kojotXV"]
[Black "tiggeronvrb"]
[Result "0-1"]
[WhiteCountry "POL"]
[BlackCountry "SCO"]
[WhiteElo "1275"]
[WhiteRD "121"]
[BlackElo "1780"]
[BlackRD "63"]
[GameID "136722"]

1. e4 c6 2. Bc4 d5 3. exd5 cxd5 4. Bb5+ Nc6 5. Nc3 Nf6 6. h4 Bf5 7. Nf3 Qb6 8. d3 Bg4 9. Be3 Qc7 10. a4 Rd8
11. d4 e6 12. Qd3 Bxf3 13. gxf3 Bb4 14. Bd2 a6 15. Bxc6+ Qxc6 16. Rg1 O-O 17. Bh6 Nh5 18. Rg5 g6 19. O-O-O Rfe8 20. Rdg1 Nf4
21. Qe3 Nh3 22. R1g3 Nxg5 23. Rxg5 Rc8 24. h5 Bf8 25. Bxf8 Rxf8 26. f4 b5 27. Qe5 f6 28. axb5 axb5 29. Qe3 fxg5 30. fxg5 b4
31. hxg6 hxg6 32. Qd3 Rf5 33. Ne2 Kg7 34. f4 Qc4 35. Qxc4 Rxc4 36. Kd2 Rf8 37. b3 Rcc8 38. c3 bxc3+ 39. Kd3 c2 40. Kd2 c1=Q+
41. Nxc1 Rxc1 42. Kxc1 Rxf4 43. b4 Rxd4 44. Kc2 Rxb4 45. Kc3 Rg4 46. Kd3 e5 47. Kc3 d4+ 48. Kc4 Rxg5 49. Kc5= d3 50. Kc4 d2
51. Kc3 d1=Q
0-1

[Event "Euro Championship 2008 "]
[Site "SchemingMind.com"]
[Date "2008.01.08"]
[Round "-"]
[White "Gordon"]
[Black "The_Doctor1"]
[Result "1-0"]
[WhiteCountry "ENG"]
[BlackCountry "RUS"]
[WhiteElo "2359"]
[WhiteRD "77"]
[BlackElo "1480"]
[BlackRD "227"]
[GameID "136723"]

1. e4 e5 2. Nf3 Nc6 3. d4 exd4 4. Nxd4 Nxd4 5. Qxd4 c6 6. Bc4 Qc7 7. O-O Nf6 8. Nc3 Bd6 9. e5 Bxe5 10. Re1 d5
11. Qxe5+ Qxe5 12. Rxe5+ Be6 13. Bd3 d4 14. Ne2 Ng4 15. Re4 c5 16. Nf4 O-O 17. Nxe6 fxe6 18. Rxg4 Rf6 19. Bd2 Raf8 20. f3 e5
21. Re4 Rf5 22. Rae1 Re8 23. R4e2 Rh5 24. g4 Rh3 25. Kg2 Rh4 26. Rxe5 Rf8 27. Bc4+ Kh8 28. Re8 g6 29. Rxf8+ Kg7 30. Ree8 a6
31. Kg3 Rxh2 32. Kxh2 b5 33. Bd5 c4 34. Rf7#
1-0

[Event "Euro Championship 2008 "]
[Site "SchemingMind.com"]
[Date "2008.01.10"]
[Round "-"]
[White "amyrigo"]
[Black "hundirector"]
[Result "1/2-1/2"]
[WhiteCountry "HUN"]
[BlackCountry "HUN"]
[WhiteElo "2400"]
[WhiteRD "116"]
[BlackElo "2219"]
[BlackRD "132"]
[GameID "136821"]

1. e4 c5 2. Nf3 Nc6 3. d4 cxd4 4. Nxd4 g6 5. c4 Nf6 6. Nc3 d6 7. Be2 Nxd4 8. Qxd4 Bg7 9. Be3 O-O 10. Qd2 Be6
11. O-O Qa5 12. Rab1 Rfc8 13. b3 Ng4 14. Nd5 Qxd2 15. Bxd2 Kf8 16. Bg5 Nf6 17. Nxf6 Bxf6 18. Bxf6 exf6 19. Rfd1 Ke7 20. f4 a5
21. Rd4 Rc5 22. g4 Ra6 23. Kg2 g5 24. f5 Bd7 25. h4 h6 26. Kf3 Re5 27. hxg5 hxg5 28. a4 Bc6 29. Bd3 Ra8 30. Rh1 Re8
31. Bc2 Rd8 32. Rh7 Rf8 33. Rd1 Re8 34. Bd3 Rd8 35. Rdh1 Rf8 36. R1h2 Re8 37. R2h6 Rf8 38. Rg7 Re8= 39. Rh3 Kf8 40. Rgh7 Ke7
41. Rh2 Kd8 42. Re2 Ke7 43. Rh6 Rf8 44. Reh2=
1/2-1/2

[Event "Euro Championship 2008 "]
[Site "SchemingMind.com"]
[Date "2008.01.10"]
[Round "-"]
[White "hundirector"]
[Black "amyrigo"]
[Result "0-1"]
[WhiteCountry "HUN"]
[BlackCountry "HUN"]
[WhiteElo "2107"]
[WhiteRD "162"]
[BlackElo "2425"]
[BlackRD "120"]
[GameID "136831"]

1. e4 c5 2. Nf3 d6 3. d4 cxd4 4. Nxd4 Nf6 5. f3 e5 6. Nb3 Be6 7. c4 Nbd7 8. Be3 Rc8 9. Nc3 Be7 10. Nb5 O-O
11. Nxa7 Rxc4 12. Bxc4 Bxc4 13. Kf2 d5 14. Rc1 Qa8 15. exd5 Nxd5 16. Rxc4 Nxe3 17. Kxe3 Qxa7+ 18. Ke2 Rd8 19. Qc2 Nb6 20. Re4 Qa6+
21. Kf2 Nd5 22. Rd1 Qb6+ 23. Ke2 Qd6 24. Kf2 Qb6+ 25. Ke2 Qd6 26. Qd3 Qg6 27. Kf1 Ne3+ 28. Rxe3 Rxd3 29. Rexd3 Qa6 30. a3 f5
31. Kg1 h5 32. R1d2 e4 33. fxe4 fxe4 34. Rd7 Bg5 35. Rd1 Qb5 36. Na5 e3 37. Nxb7 e2 38. Rd8+ Kh7
0-1

[Event "Euro Championship 2008 "]
[Site "SchemingMind.com"]
[Date "2008.01.10"]
[Round "-"]
[White "fishofchaos"]
[Black "finlaggan"]
[Result "1/2-1/2"]
[WhiteCountry "ENG"]
[BlackCountry "SCO"]
[WhiteElo "1872"]
[WhiteRD "71"]
[BlackElo "1937"]
[BlackRD "113"]
[GameID "136947"]

1. d4 d5 2. c4 c6 3. Nf3 Nf6 4. Nc3 a6 5. c5 Nbd7 6. Bf4 g6 7. h3 Bg7 8. e3 O-O 9. Be2 Ne4 10. O-O f5
11. Na4 Re8 12. b4 e5 13. Nxe5 Nxe5 14. Bxe5 Bxe5 15. dxe5 Rxe5 16. Qd4 Re8 17. Nb6 Rb8 18. Bd3 Qg5 19. Rfe1 Qf6 20. Qxf6 Nxf6
21. Rad1 Nd7 22. Nxd7 Bxd7 23. a3 Kf7 24. Rd2 f4 25. Kf1 fxe3 26. fxe3 Rf8 27. Kg1 Kg7 28. e4 Rbe8 29. Rde2 dxe4 30. Bxe4 Bf5
31. Bxf5 Rxe2 32. Rxe2 Rxf5 33. Re7+ Rf7 34. Rxf7+ Kxf7 35. Kf2 Ke6 36. Ke3 Ke5 37. g4 g5 38. a4 Kd5 39. a5 Kc4 40. Ke4 Kxb4
41. Kf5 h6 42. Kg6 Kxa5 43. Kxh6 b5 44. cxb6 Kxb6 45. Kxg5 a5 46. Kh6 a4 47. g5 a3 48. g6 a2 49. g7 a1=Q 50. g8=Q Qf6+
51. Kh5 Qf5+ 52. Kh4 Qf6+=
1/2-1/2

[Event "Euro Championship 2008 "]
[Site "SchemingMind.com"]
[Date "2008.01.10"]
[Round "-"]
[White "finlaggan"]
[Black "fishofchaos"]
[Result "1-0"]
[WhiteCountry "SCO"]
[BlackCountry "ENG"]
[WhiteElo "1958"]
[WhiteRD "116"]
[BlackElo "1825"]
[BlackRD "70"]
[GameID "136954"]

1. d4 Nf6 2. c4 e6 3. Nc3 Bb4 4. Qc2 O-O 5. a3 Bxc3+ 6. Qxc3 b6 7. Bg5 Bb7 8. f3 h6 9. Bh4 d6 10. e4 c5
11. dxc5 bxc5 12. Bxf6 Qxf6 13. Qxf6 gxf6 14. O-O-O Rd8 15. Ne2 Nc6 16. Ng3 Rab8 17. Nh5 f5 18. exf5 exf5 19. Bd3 Nd4 20. Rhe1 Bc8
21. Re7 Rb7 22. Rxb7 Bxb7 23. Re1 Bc8 24. Re7 a6 25. Nf4 Kf8 26. Rc7 Ne6 27. Nxe6+ fxe6 28. Rh7 Rd7 29. Rh8+
1-0

[Event "Euro Championship 2008 "]
[Site "SchemingMind.com"]
[Date "2008.01.11"]
[Round "-"]
[White "peeuukoo"]
[Black "Robert Pallett"]
[Result "0-1"]
[WhiteCountry "FIN"]
[BlackCountry "ENG"]
[WhiteElo "2036"]
[WhiteRD "83"]
[BlackElo "2374"]
[BlackRD "79"]
[GameID "137087"]

1. d4 Nf6 2. c4 e6 3. Nf3 b6 4. Bg5 Bb4+ 5. Nc3 Bb7 6. Bd2 O-O 7. e3 d5 8. a3 Bxc3 9. Bxc3 a5 10. Bd3 Ba6
11. cxd5 Bxd3 12. Qxd3 Qxd5 13. O-O Rd8 14. Qc2 Nbd7 15. h3 Ne4 16. Be1 c5 17. Rd1 c4 18. Bc3 b5 19. Nd2 Ndf6 20. f3 Ng3
21. Rf2 Qb7 22. Nf1 Nxf1 23. Rfxf1 b4 24. axb4 axb4 25. Be1 Nd5 26. Bf2 Rdc8 27. Ra1 b3 28. Qd2 c3 29. bxc3 b2 30. Rab1 Ra2
31. c4 Rxc4 32. Qd3 Rc3 33. Qe4 Rb3
0-1

[Event "Euro Championship 2008 "]
[Site "SchemingMind.com"]
[Date "2008.01.14"]
[Round "-"]
[White "ryoshu"]
[Black "Argeon"]
[Result "1-0"]
[WhiteCountry "POL"]
[BlackCountry "BEL"]
[WhiteElo "1806"]
[WhiteRD "114"]
[BlackElo "1977"]
[BlackRD "78"]
[GameID "137088"]

1. Nf3 d5 2. d4 Nf6 3. c4 e6 4. Nc3 Ne4 5. g3 Bb4 6. Qb3 Nc6 7. Bg2 O-O 8. O-O Bxc3 9. bxc3 Na5 10. Qc2 Nxc4
11. Ne1 f5 12. f3 Ned6 13. e4 fxe4 14. fxe4 Rxf1+ 15. Kxf1 Ne3+ 16. Bxe3 Nxe4 17. Bxe4 dxe4 18. Qxe4 c5 19. Nf3 Qd5 20. Qxd5 exd5
21. dxc5 Bh3+ 22. Kg1 Re8 23. Re1 Bd7 24. Bd4 Rxe1+ 25. Nxe1 a6 26. Kf2 Kf7 27. Nf3
1-0

[Event "Euro Championship 2008 "]
[Site "SchemingMind.com"]
[Date "2008.01.11"]
[Round "-"]
[White "Robert Pallett"]
[Black "peeuukoo"]
[Result "1-0"]
[WhiteCountry "ENG"]
[BlackCountry "FIN"]
[WhiteElo "2374"]
[WhiteRD "79"]
[BlackElo "2036"]
[BlackRD "83"]
[GameID "137091"]

1. e4 e5 2. Nf3 Nc6 3. Bc4 Nf6 4. d4 exd4 5. e5 d5 6. Bb5 Ne4 7. Nxd4 Bd7 8. Bxc6 bxc6 9. O-O Be7 10. f3 Nc5
11. f4 Ne4 12. f5 c5 13. Ne2 Bb5 14. Na3 Ba6 15. c4 c6 16. Nc3 Nxc3 17. bxc3 Bxc4 18. Nxc4 dxc4 19. Qg4 Bf8 20. f6 Qd7
21. fxg7
1-0

[Event "Euro Championship 2008 "]
[Site "SchemingMind.com"]
[Date "2008.01.11"]
[Round "-"]
[White "Argeon"]
[Black "ryoshu"]
[Result "1-0"]
[WhiteCountry "BEL"]
[BlackCountry "POL"]
[WhiteElo "1977"]
[WhiteRD "78"]
[BlackElo "1806"]
[BlackRD "114"]
[GameID "137092"]

1. d4 f5 2. c3 Nf6 3. Bg5 e6 4. Nd2 Be7 5. e4 fxe4 6. Bxf6 Bxf6 7. Nxe4 O-O 8. Nf3 Nc6 9. Bd3 b6 10. Qc2 h6
11. O-O Bb7 12. Nxf6+ Qxf6 13. Be4 Kh8 14. Ne5 Rfe8 15. Nxd7 Qd8 16. Bxc6 Bxc6 17. Ne5 Qd5 18. Qg6 Rf8 19. c4
1-0

[Event "Euro Championship 2008 "]
[Site "SchemingMind.com"]
[Date "2008.03.03"]
[Round "-"]
[White "nevereverwin"]
[Black "Konan_Kaddosh"]
[Result "0-1"]
[WhiteCountry "ENG"]
[BlackCountry "ITA"]
[WhiteElo "1202"]
[WhiteRD "93"]
[BlackElo "2496"]
[BlackRD "65"]
[GameID "144172"]

1. e4 c5 2. Nf3 Nc6 3. d4 cxd4 4. Nxd4 e5 5. Nb5 d6 6. N1c3 a6 7. Na3 b5 8. Nd5 Nf6 9. Bd3 Be7 10. O-O O-O
11. Be3 Nxd5 12. Bd2 Nf4 13. g3 Nxd3 14. cxd3 d5 15. Nc2 dxe4 16. dxe4 Qd3 17. Ne1 Qxe4 18. a3 Bh3 19. Qf3 Qxf3 20. Nxf3 Bxf1
21. Kxf1 e4 22. Ne1 Bf6 23. Be3 Bxb2 24. Ra2 Bd4 25. Rc2 Bxe3 26. fxe3 Rfc8 27. Rd2 Rd8 28. Re2 Ne5 29. Kg2 Nc4 30. Nc2 Rd2
31. Kf2 Rad8 32. g4 Rxe2+ 33. Kxe2 Rd2+ 34. Ke1 Rxc2
0-1